MARC details
| 000 -LEADER |
| fixed length control field |
02900cas a2200577 a 4500 |
| 001 - CONTROL NUMBER |
| control field |
13327311 |
| 003 - CONTROL NUMBER IDENTIFIER |
| control field |
EG-ScBUE |
| 005 - DATE AND TIME OF LATEST TRANSACTION |
| control field |
20201020152507.0 |
| 006 - FIXED-LENGTH DATA ELEMENTS--ADDITIONAL MATERIAL CHARACTERISTICS--GENERAL INFORMATION |
| fixed length control field |
m||||fq||h 00| 0 |
| 007 - PHYSICAL DESCRIPTION FIXED FIELD--GENERAL INFORMATION |
| fixed length control field |
co ug||||||||| |
| 008 - FIXED-LENGTH DATA ELEMENTS--GENERAL INFORMATION |
| fixed length control field |
030828t2010 nyuar f 0 a0eng d |
| 020 ## - INTERNATIONAL STANDARD BOOK NUMBER |
| International Standard Book Number |
9780375429781 |
| 020 ## - INTERNATIONAL STANDARD BOOK NUMBER |
| International Standard Book Number |
19387210 |
| 035 ## - SYSTEM CONTROL NUMBER |
| System control number |
(OCoLC)ocm44907918 |
| 040 ## - CATALOGING SOURCE |
| Original cataloging agency |
MPI |
| Language of cataloging |
eng |
| Description conventions |
rda |
| Transcribing agency |
MPI |
| Modifying agency |
WAU |
| -- |
MYG |
| -- |
DLC |
| -- |
SVP |
| -- |
IXA |
| -- |
NSD |
| -- |
DLC |
| -- |
NSD |
| -- |
ORU |
| -- |
NSD |
| -- |
DLC |
| -- |
OCLCG |
| -- |
OCLCQ |
| -- |
IUL |
| -- |
OCLCQ |
| -- |
OCLCF |
| -- |
OCLCO |
| -- |
GUA |
| -- |
OCLCQ |
| -- |
I8M |
| -- |
OCLCQ |
| -- |
JDP |
| -- |
FJO |
| -- |
OCLCO |
| -- |
EG-ScBUE |
| 043 ## - GEOGRAPHIC AREA CODE |
| Geographic area code |
n-us--- |
| 082 04 - DEWEY DECIMAL CLASSIFICATION NUMBER |
| Classification number |
378 |
| Item number |
LUR |
| Edition number |
22 |
| 100 1# - MAIN ENTRY--PERSONAL NAME |
| Personal name |
Lurie, Karen, |
| Dates associated with a name |
1965- |
| Relator term |
author. |
| 9 (RLIN) |
21020 |
| 245 10 - TITLE STATEMENT |
| Title |
Cracking the GRE, with DVD / |
| Statement of responsibility, etc |
Karen Lurie, Magda Pecsenye and Adam Robinson. |
| 250 ## - EDITION STATEMENT |
| Edition statement |
2011 edition. |
| 264 #1 - PUBLICATION, DISTRIBUTION, ETC. (IMPRINT) |
| Place of publication, distribution, etc |
New York : |
| Name of publisher, distributor, etc |
Random House, Inc. : |
| -- |
Princeton Review, Inc., |
| Date of publication, distribution, etc |
[2010] |
| 264 #4 - PUBLICATION, DISTRIBUTION, ETC. (IMPRINT) |
| Date of publication, distribution, etc |
c2010 |
| 300 ## - PHYSICAL DESCRIPTION |
| Extent |
447 pages : |
| Other physical details |
illustrations ; |
| Dimensions |
28 cm + |
| Accompanying material |
1 CD |
| 336 ## - CONTENT TYPE |
| Content type term |
text |
| Content type code |
txt |
| Source |
rdacontent |
| 336 ## - CONTENT TYPE |
| Content type term |
sounds |
| Content type code |
snd |
| Source |
rdacontent |
| 337 ## - MEDIA TYPE |
| Media type term |
unmediated |
| Media type code |
n |
| Source |
rdamedia |
| 337 ## - MEDIA TYPE |
| Media type term |
audio |
| Media type code |
s |
| Source |
rdamedia |
| 338 ## - CARRIER TYPE |
| Carrier type term |
volume |
| Carrier type code |
nc |
| Source |
rdacarrier |
| 338 ## - CARRIER TYPE |
| Carrier type term |
computer disc |
| Carrier type code |
cd |
| Source |
rdacarrier |
| 500 ## - GENERAL NOTE |
| General note |
At head of title: Princeton Review. |
| 500 ## - GENERAL NOTE |
| General note |
Eds. for 2001-<2004> by Karen Lurie and others. |
| 538 ## - SYSTEM DETAILS NOTE |
| System details note |
System requirements for Windows: 166 MHz or higher; 32 MB RAM; 12 MB hard disk space; Windows 95, 98, 2000, ME, XP (will not operate with Windows NT); 256 color monitor (640 X 480 Pixels); Windows compatible sound device; CD-ROM drive. |
| 538 ## - SYSTEM DETAILS NOTE |
| System details note |
System requirements for Macintosh: Power PC 166 MHz or higher; 32 MB RAM; 12 MB hard disk space; System 7.6.1 or higher; 256 color monitor (640 X 480 Pixels); compatible sound device ; CD-ROM drive. |
| 580 ## - LINKING ENTRY COMPLEXITY NOTE |
| Linking entry complexity note |
Issued also without accompanying CD-ROM. |
| 580 ## - LINKING ENTRY COMPLEXITY NOTE |
| Linking entry complexity note |
Continued by: Cracking the GRE, with DVD, with possible intervening title changes. |
| 588 ## - SOURCE OF DESCRIPTION NOTE |
| Source of description note |
Latest issue consulted: 2004 ed. |
| 650 #7 - SUBJECT ADDED ENTRY--TOPICAL TERM |
| Topical term or geographic name as entry element |
Graduate Record Examination |
| Form subdivision |
Study guides |
| Source of heading or term |
BUEsh |
| 653 ## - INDEX TERM--UNCONTROLLED |
| Resource For college |
Generalities |
| Arrived date list |
October2020 |
| 655 #7 - INDEX TERM--GENRE/FORM |
| Genre/form data or focus term |
Periodicals. |
| Source of term |
fast |
| Authority record control number |
(OCoLC)fst01411641 |
| Form subdivision |
Reading book |
| 655 #7 - INDEX TERM--GENRE/FORM |
| Genre/form data or focus term |
Study guides. |
| Source of term |
fast |
| Authority record control number |
(OCoLC)fst01423888 |
| 655 #7 - INDEX TERM--GENRE/FORM |
| Genre/form data or focus term |
Periodicals. |
| Source of term |
lcgft |
| 655 #7 - INDEX TERM--GENRE/FORM |
| Genre/form data or focus term |
Study guides. |
| Source of term |
lcgft |
| 775 1# - OTHER EDITION ENTRY |
| Title |
Cracking the GRE (2000) |
| International Standard Serial Number |
1549-9057 |
| Record control number |
(DLC) 2004212263 |
| -- |
(OCoLC)54935866 |
| 776 08 - ADDITIONAL PHYSICAL FORM ENTRY |
| Display text |
Online version: |
| Title |
Cracking the GRE, with four complete practice tests on CD-ROM |
| International Standard Serial Number |
1547-4232 |
| Record control number |
(OCoLC)741874638 |
| 780 00 - PRECEDING ENTRY |
| Title |
Cracking the GRE CAT, with four complete sample tests on CD-ROM |
| Record control number |
(DLC) 2016233511 |
| -- |
(OCoLC)954591338 |
| 785 00 - SUCCEEDING ENTRY |
| Title |
Cracking the GRE, with DVD |
| International Standard Serial Number |
1938-7210 |
| Record control number |
(DLC) 2006260119 |
| -- |
(OCoLC)71261516 |
| 906 ## - LOCAL DATA ELEMENT F, LDF (RLIN) |
| a |
7 |
| b |
cbc |
| c |
serials |
| d |
2 |
| e |
ncip |
| f |
20 |
| g |
n-oclcserc |
| 942 ## - ADDED ENTRY ELEMENTS (KOHA) |
| Source of classification or shelving scheme |
Dewey Decimal Classification |
| Koha item type |
Book - Borrowing |